000
00246nam a22001097a 4500
008
170117b xxu||||| |||| 00| 0 eng d
020
_a
0632004312
041
_a
eng
080
_a
618.2
245
_a
BLOOD GROUPS IN MAN
_c
SANGER, R
942
_2
udc
_c
BK
999
_c
2977
_d
2977